| 000 | 00395nmm a2200145Ia 4500 | ||
|---|---|---|---|
| 008 | 251105s9999||||xx |||||||||||||||||und|| | ||
| 041 | _aspa | ||
| 100 | _aCosán | ||
| 245 | 0 | _aNacido de un error | |
| 264 |
_a[Madrid, España] : _bLetras de Autor, _c2015 |
||
| 300 | _a1070 páginas | ||
| 650 | _aSpanish narrative | ||
| 856 | _uhttps://public.digitaliapublishing.com/a/87614 | ||
| 942 | _cCF | ||
| 999 |
_c105424 _d105424 |
||